| 000 | 00738cab a2200253 4500 | ||
|---|---|---|---|
| 001 | ABS55623 | ||
| 008 | 090401t1996 xxu||||| |||| 00| 0 eng d | ||
| 035 | _a(Sirsi) u17622 | ||
| 041 | _aeng | ||
| 100 | _aJames, B | ||
| 245 | 3 | _aAn on-farm way of putting waste to use | |
| 260 | _c1996 | ||
| 350 | _a0 | ||
| 490 |
_aFarmers' Weekly _v5 July 1996, 85(1) |
||
| 520 | _aDescribes the composting process being developed by a Lincolnshire farmer that utilises food retailing waste, and so reduces demand on local landfill sites. | ||
| 650 | _aCOMPOST | ||
| 650 | _aLANDFILL | ||
| 650 | _aORGANIC WASTE | ||
| 650 | _aRECYCLING | ||
| 650 | _aWASTE MANAGEMENT | ||
| 690 | _aRURAL PRACTICE | ||
| 942 | _n0 | ||
| 948 | _c04/03/1997 | ||
| 999 |
_c11682 _d11682 |
||